header

Values, concepts, and techniques. (Record no. 255696)

MARC details
000 -LEADER
fixed length control field 00722cam a2200241 i 4500
001 - CONTROL NUMBER
control field 4598622
003 - CONTROL NUMBER IDENTIFIER
control field OSt
005 - DATE AND TIME OF LATEST TRANSACTION
control field 20170224121102.0
008 - FIXED-LENGTH DATA ELEMENTS--GENERAL INFORMATION
fixed length control field 760802s1976 dcu b 000 0 eng
010 ## - LIBRARY OF CONGRESS CONTROL NUMBER
LC control number 76028492
020 ## - INTERNATIONAL STANDARD BOOK NUMBER
International Standard Book Number 0810607069.
-- 0810607050
040 ## - CATALOGING SOURCE
Original cataloging agency DLC
Transcribing agency DLC
Modifying agency DLC
050 00 - LIBRARY OF CONGRESS CALL NUMBER
Classification number LC283
Item number .V33 1976
082 00 - DEWEY DECIMAL CLASSIFICATION NUMBER
Classification number 370.11/4
245 00 - TITLE STATEMENT
Title Values, concepts, and techniques.
260 ## - PUBLICATION, DISTRIBUTION, ETC. (IMPRINT)
Place of publication, distribution, etc Washington :
Name of publisher, distributor, etc National Education Association,
Date of publication, distribution, etc c1976.
300 ## - PHYSICAL DESCRIPTION
Extent 312 p. ;
Dimensions 23 cm.
504 ## - BIBLIOGRAPHY, ETC. NOTE
Bibliography, etc Includes bibliographical references.
650 #0 - SUBJECT ADDED ENTRY--TOPICAL TERM
Topical term or geographic name as entry element Moral education.
710 2# - ADDED ENTRY--CORPORATE NAME
Corporate name or jurisdiction name as entry element National Education Association of the United States.
906 ## - LOCAL DATA ELEMENT F, LDF (RLIN)
a 7
b cbc
c orignew
d 1
e ocip
f 19
g y-gencatlg
942 ## - ADDED ENTRY ELEMENTS (KOHA)
Source of classification or shelving scheme Library of Congress Classification
Koha item type Long Loan Books
Holdings
Withdrawn status Lost status Source of classification or shelving scheme Damaged status Not for loan Collection code Home library Current library Shelving location Date acquired Total Checkouts Full call number Barcode Date last seen Price effective from Koha item type
    Library of Congress Classification     Non-fiction Rongo University Library Rongo University Library General Stacks 24/02/2017   LC283 .V33 1976 20166332 24/02/2017 24/02/2017 Long Loan Books

© 2026 Rongo University
Contact us: librarian | system librarian | Rongo university